Scenarios III : Stroszek; Nosferatu, Phantom of the Night; Where the Green Ants Dream; Cobra Verde /
Continuing a series that Publishers Weekly pronounced "compulsively readable . . . equal parts challenging and satisfying, infuriating and enlightening," Scenarios III presents, for the first time in English, the shape-shifting scripts for four of Werner Herzog's early films: Stroszek...
| Clasificación: | Libro Electrónico |
|---|---|
| Autor principal: | |
| Otros Autores: | |
| Formato: | Electrónico eBook |
| Idioma: | Inglés Alemán |
| Publicado: |
Baltimore, Maryland :
Project Muse,
2019
|
| Colección: | Book collections on Project MUSE.
|
| Temas: | |
| Acceso en línea: | Texto completo |
MARC
| LEADER | 00000cam a22000004a 4500 | ||
|---|---|---|---|
| 001 | musev2_71540 | ||
| 003 | MdBmJHUP | ||
| 005 | 20230905051354.0 | ||
| 006 | m o d | ||
| 007 | cr||||||||nn|n | ||
| 008 | 191118s2019 mnu o 00 0 eng d | ||
| 020 | |a 9781452961415 | ||
| 020 | |z 9781517907815 | ||
| 020 | |z 1452961417 | ||
| 035 | |a (OCoLC)1107060888 | ||
| 040 | |a MdBmJHUP |c MdBmJHUP | ||
| 041 | 1 | |a eng |h ger | |
| 050 | 4 | |a PN1998.3.H477 |b A25 2019 | |
| 082 | 0 | |a 791.43/75 |2 23 | |
| 100 | 1 | |a Herzog, Werner, |d 1942- |e author. | |
| 240 | 1 | 0 | |a Drehbücher III. |l English |
| 245 | 1 | 0 | |a Scenarios III : |b Stroszek; Nosferatu, Phantom of the Night; Where the Green Ants Dream; Cobra Verde / |c Werner Herzog ; translated by Krishna Winston. |
| 264 | 1 | |a Baltimore, Maryland : |b Project Muse, |c 2019 | |
| 264 | 3 | |a Baltimore, Md. : |b Project MUSE, |c 2019 | |
| 264 | 4 | |c ©2019 | |
| 300 | |a 1 online resource (216 pages): |b portrait | ||
| 336 | |a text |b txt |2 rdacontent | ||
| 337 | |a computer |b c |2 rdamedia | ||
| 338 | |a online resource |b cr |2 rdacarrier | ||
| 500 | |a Translation of: Drehbücher III. | ||
| 500 | |a Issued as part of book collections on Project MUSE. | ||
| 505 | 0 | |a Stroszek -- Nosferatu, phantom of the night -- Where the green ants dream -- Cobra verde. | |
| 506 | |a Access restricted to authorized users and institutions. | ||
| 520 | |a Continuing a series that Publishers Weekly pronounced "compulsively readable . . . equal parts challenging and satisfying, infuriating and enlightening," Scenarios III presents, for the first time in English, the shape-shifting scripts for four of Werner Herzog's early films: Stroszek; Nosferatu, Phantom of the Night; Where the Green Ants Dream; and Cobra Verde. We can observe Herzog's working vision as each of these scenarios unfolds in a form often dramatically different from the film's final version--as, in his own words, Herzog works himself up into "this kind of frenzy of high-caliber language and concepts and beauty." With Scenarios I and II, this volume completes the picture of Herzog's earliest work, affording a view of the filmmaker mastering his craft, well on his way to becoming one of the most original, and most celebrated, artists in his field. | ||
| 588 | |a Description based on print version record. | ||
| 650 | 0 | |a Motion picture plays, German |v Translations into English. | |
| 655 | 7 | |a Electronic books. |2 local | |
| 700 | 1 | |a Winston, Krishna, |e translator. | |
| 710 | 2 | |a Project Muse, |e distributor. | |
| 776 | 1 | 8 | |i Print version: |w (DLC) 2019014736 |z 9781517907815 |
| 710 | 2 | |a Project Muse. |e distributor | |
| 830 | 0 | |a Book collections on Project MUSE. | |
| 856 | 4 | 0 | |z Texto completo |u https://projectmuse.uam.elogim.com/book/71540/ |
| 945 | |a Project MUSE - Custom Collection | ||
| 945 | |a Project MUSE - 2019 Complete | ||
| 945 | |a Project MUSE - 2019 Film, Theater and Performing Arts | ||


